Los procesos de renegociación de la deuda externa en Centroamérica /
Uloženo v:
| Hlavní autor: | |
|---|---|
| Médium: | Text |
| Jazyk: | Spanish |
| Témata: | |
| Tagy: |
Přidat tag
Žádné tagy, Buďte první, kdo vytvoří štítek k tomuto záznamu!
|
MARC
| LEADER | 00000 a a2200000 04500 | ||
|---|---|---|---|
| 001 | 7854 | ||
| 003 | cru CRAI/IIS | ||
| 005 | 20210519163358.0 | ||
| 008 | 210519b |||||||| |||| 00| 0 spa d | ||
| 040 | |c cru CRAI/IIS | ||
| 100 | 1 | |a López, José Roberto | |
| 245 | 1 | 4 | |a Los procesos de renegociación de la deuda externa en Centroamérica / |c José Roberto López |
| 500 | |a Colección Centroamérica | ||
| 650 | |a DEUDA EXTERNA | ||
| 650 | |a FMI | ||
| 650 | |a POLITICA ECONOMICA | ||
| 650 | |a CREDITO | ||
| 650 | |a BID | ||
| 650 | |a BANCO MUNDIAL | ||
| 650 | |a BANCOS COMERCIALES | ||
| 650 | |a AYUDA ECONOMICA | ||
| 650 | |a IMPERIALISMO | ||
| 650 | |a POLITICA EXTERIOR | ||
| 650 | |a DEUDA EXTERNA | ||
| 650 | |a CREDITO | ||
| 773 | |g número 45; páginas 36-55 | ||
| 773 | 0 | |0 18875 |9 5300 |a Universidad de Costa Rica. |d San José, Costa Rica: Universidad de Costa Rica. Consejo Superior Universitario Centroamericano, 1972- |o 14673 |t Estudios Sociales Centroamericanos / |x 03039676 | |
| 942 | |2 ddc |c PP | ||
| 999 | |c 34078 |d 34078 | ||
